000
00294nam a22001337a 4500
008
170503b xxu||||| |||| 00| 0 eng d
020
_a
9781422463307
041
_a
eng
080
_2
4 ED
_a
34
100
_a
13
101
_a
SHJ
245
_a
RESTORING JUSTICE
_c
NESS.D.W.V
942
_2
udc
_c
BK
999
_c
12497
_d
12497